00493cam a22002171 4500001001300000003000400013005001700017008004100034010001700075035002000092040001800112042001200130050001900142100002200161245001600183260001100199300001900210500001600229500001300245999001700258sa 67003650 DLC20260227112339.0890615s1965 ii 000 1 beno  asa 67003650  a(OCoLC)19878531 aDLCcWaUdDLC apremarc00aPK1718.M5bS951 aMitra, Premendra.10aSvapnatanu. c[1965] a133 p.c23 cm. aIn Bengali. aA novel. c73957d73957